000 00707nam a2200205Ia 4500
003 GCL
008 140319s9999 xx 000 0 ara d
040 _aGCL /
_cGCL
082 0 4 _a251.1
_bط و
100 1 _aطارق البشرى
245 1 0 _aالوضع القانونى المعاصر بين الشريعة الاسلامية والقانون الوضعى /
_cطارق البشرى
300 _a135 ص
490 _aالهيئة العامة للاستعلامات
_v0
650 0 4 _aالاسلام
650 0 4 _aالشريعة الاسلامية
650 0 4 _aالقانون الوضعى
650 0 4 _aالاسلام - شريعة
650 0 4 _aالقانون الاسلامى
942 _2ddc
_cBK
999 _c48130
_d48130